Normal view
MARC view
- China
Entry Geographic Name
001 - CONTROL NUMBER
- control field: 12672
003 - CONTROL NUMBER IDENTIFIER
- control field: NUST
005 - DATE AND TIME OF LATEST TRANSACTION
- control field: 20181211100240.0
008 - FIXED-LENGTH DATA ELEMENTS
- fixed length control field: 181211|| aca||aabn | a|a d
040 ## - CATALOGING SOURCE
- Original cataloging agency: NUST
- Transcribing agency: NUST
151 ## - HEADING--GEOGRAPHIC NAME
- Geographic name: China
- General subdivision: Civilization.
670 ## - SOURCE DATA FOUND
- Source citation: Work cat.: (NUST)0: Javed, Syed Hasan, 1955- author. 12666, Chinese soft power code =
